"Ecología trófica de Lycalopex gymnocercus en la región pampeana : un acercamiento inferencial al uso de los recursos" /
Guardado en:
| Otros Autores: | , , |
|---|---|
| Formato: | Manuscrito |
| Idioma: | Spanish |
| Publicado: |
2008.
|
| Materias: | |
| Acceso en línea: | Texto completo |
| Etiquetas: |
Agregar Etiqueta
Sin Etiquetas, Sea el primero en etiquetar este registro!
|
| LEADER | 01425ntm a22003255a 4500 | ||
|---|---|---|---|
| 001 | EUN.eunm004497 | ||
| 005 | 20160413090538.0 | ||
| 008 | 130228s2008####ag#######bm###000#0#spa#d | ||
| 082 | 0 | 4 | |a 040 |2 15 |
| 082 | 0 | 4 | |a 599.744 |2 15 |
| 100 | 1 | |a Birochio, Diego. |4 dis | |
| 245 | 1 | 0 | |a "Ecología trófica de Lycalopex gymnocercus en la región pampeana : |b un acercamiento inferencial al uso de los recursos" / |c Diego Birochio. |
| 260 | |c 2008. | ||
| 300 | |a [9], 137 h. : |b il. col. ; |c 30 cm. | ||
| 500 | |a "Tesis Doctor en Biología". | ||
| 500 | |a Director de tesis:. Emma Beatriz Casanave; co-dirección: Mauro Lucherini. | ||
| 502 | |a Tesis (doctoral)--Universidad Nacional del Sur. Departamento de Biología, Bioquímica y Farmacia, 2008. | ||
| 504 | |a Incluye referencias bibliográficas. | ||
| 530 | |a Disponible también en formato digital | ||
| 650 | 7 | |a Zoología. |2 unbist | |
| 650 | 7 | |a Vulpes vulpes. |2 Icyt | |
| 650 | 7 | |a Ecología animal. |2 unbist | |
| 650 | 7 | |a Alimentación animal. |2 Icyt | |
| 653 | |a Zorros | ||
| 653 | |a Buenos Aires (Argentina : Provincia) | ||
| 700 | 1 | |a Casanave, Emma B. |q (Emma Beatriz) |4 ths | |
| 700 | 1 | |a Lucherini, Mauro. |4 ths | |
| 710 | 2 | |a Universidad Nacional del Sur. |b Departamento de Biología, Bioquímica y Farmacia |4 dgg. | |
| 856 | 4 | 1 | |3 Texto completo |u http://repositoriodigital.uns.edu.ar/handle/123456789/2311 |
| 859 | |a AR-BaUNS |b BIB. CENTRAL - Tesis |h 040 |i B148 2008-903b |k R |p 123384/013 | ||
